Tham khảo biên dịch văn hóa Việt Nam: Lễ hội mùa xuân ở miền Bắc Việt Nam = Frequently asked questions about Vietnamese culture: Spring festivals in Northern Việt Nam

Giới thiệu một số lễ hội mùa xuân ở miền Bắc Việt Nam. Ý nghĩa văn hoá tinh thần của từng lễ hội. Cách thức tổ chức lễ hội. Những trò tiêu khiển phổ biến ở các lễ hội mùa xuân......

Πλήρης περιγραφή

Αποθηκεύτηκε σε:
Λεπτομέρειες βιβλιογραφικής εγγραφής
Κύριος συγγραφέας: Hữu Ngọc
Μορφή: Βιβλίο
Γλώσσα:Undetermined
Έκδοση: Hà Nội Thế giới 2006
Θέματα:
Ετικέτες: Προσθήκη ετικέτας
Δεν υπάρχουν, Καταχωρήστε ετικέτα πρώτοι!
Thư viện lưu trữ: Trung tâm Học liệu Trường Đại học Cần Thơ
LEADER 01107nam a2200229Ia 4500
001 CTU_133403
008 210402s9999 xx 000 0 und d
020 |c 15000 
082 |a 394.269597 
082 |b H566 
100 |a Hữu Ngọc 
245 0 |a Tham khảo biên dịch văn hóa Việt Nam: Lễ hội mùa xuân ở miền Bắc Việt Nam = 
245 0 |b Frequently asked questions about Vietnamese culture: Spring festivals in Northern Việt Nam 
245 0 |c Hữu Ngọc, Lady Borton 
260 |a Hà Nội 
260 |b Thế giới 
260 |c 2006 
520 |a Giới thiệu một số lễ hội mùa xuân ở miền Bắc Việt Nam. Ý nghĩa văn hoá tinh thần của từng lễ hội. Cách thức tổ chức lễ hội. Những trò tiêu khiển phổ biến ở các lễ hội mùa xuân... 
650 |a Folk festivals,Lễ hội dân gian 
650 |z Vietnam,Việt Nam 
904 |i Trọng Hải 
980 |a Trung tâm Học liệu Trường Đại học Cần Thơ